Fundamentos de administración (Registro nro. 3703)

Detalles MARC
000 -CABECERA
Longitud fija campo de control 00991nam a2200265 b 4500
001 - NÚMERO DE CONTROL
Número de control 00000000175141
003 - IDENTIFICADOR DELl NÚMERO DE CONTROL
Identificador del número de control OSt
005 - FECHA Y HORA DE LA ÚLTIMA TRANSACCIÓN
Fecha y hora de la última transacción 20150810180012.0
008 - CÓDIGOS DE INFORMACIÓN DE LONGITUD FIJA
Códigos de información de longitud fija 030519s1996 esp spa
020 ## - NÚMERO INTERNACIONAL NORMALIZADO PARA LIBROS
Número Internacional Normalizado para Libros (ISBN) 968-880-695-1
040 ## - FUENTE DE LA CATALOGACIÓN
Centro catalogador de origen BP-BU
Centro transcriptor BMC
082 ## - NÚMERO DE LA CLASIFICACIÓN DECIMAL DEWEY
Númeroo de clasificación 658.04
100 1# - PUNTO DE ACCESO PRINCIPAL-NOMBRE DE PERSONA
9 (RLIN) 8408
Nombre de persona Robbins, Stephen P.
245 10 - MENCIÓN DE TÍTULO
Título Fundamentos de administración
Resto del título : conceptos esenciales y aplicaciones
Mención de responsabilidad, etc. Stephen P. Robbins, David A. De Cenzo ; traducción, Esther Fernández Alvarado, Manuel Ortiz Staines ; revisión técnica, Alejandro Roberto Rodas Carpizo
250 ## - MENCIÓN DE EDICIÓN
Mención de edición 1ª ed
260 ## - PUBLICACIÓN, DISTRIBUCIÓN, ETC. (PIE DE IMPRENTA)
Lugar de publicación, distribución, etc. Naucalpan de Juárez (México) [etc.]
Nombre del editor, distribuidor, etc. Pearson Educación
Fecha de publicación, distribución, etc. cop. 1996
300 ## - DESCRIPCIÓN FÍSICA
Extensión XXV, 485 p.
Otras características físicas il., gráf.
Dimensiones 26 cm
500 ## - NOTA GENERAL
Nota general Índice p. 477-485
650 24 - PUNTO DE ACCESO ADICIONAL DE MATERIA - TÉRMINO DE MATERIA
9 (RLIN) 3341
Término de materia o nombre geográfico como elemento inicial Gestión de empresas
700 1# - PUNTO DE ACCESO ADICIONAL - NOMBRE DE PERSONA
9 (RLIN) 7763
Nombre de persona Fernández Alvarado, Esther
700 1# - PUNTO DE ACCESO ADICIONAL - NOMBRE DE PERSONA
9 (RLIN) 8483
Nombre de persona DeCenzo, David A.
700 1# - PUNTO DE ACCESO ADICIONAL - NOMBRE DE PERSONA
9 (RLIN) 3894
Nombre de persona Ortiz Staines, Manuel
700 1# - PUNTO DE ACCESO ADICIONAL - NOMBRE DE PERSONA
9 (RLIN) 5568
Nombre de persona Rodas Carpizo, Alejandro Roberto
942 ## - ENTRADA DE ELEMENTOS AGREGADOS (KOHA)
Fuente de clasificaión o esquema Dewey Decimal Classification
Koha [por defecto] tipo de item 1- Monografias
Existencias
Suprimido Perdido Fuente de clasificación o esquema Estropeado Restricciones de uso No para préstamo Código de colección Localización permanente Localización actual Localización en estanter&íacute;as Fecha adquisición Fuente de adquisición Número de inventario Préstamos totales Signatura completa Código de barras Fecha última consulta Fecha último préstamo Coste, precio reemplazado Fecha del precio de reemplazo Tipo de item de Koha Renovaciones totales
NULL NULL Dewey Decimal Classification NULL Prestable NULL NULL Biblioteca Miguel de Cervantes - UNICAES Biblioteca Miguel de Cervantes - UNICAES Sala Principal 01/07/2002 Donación - Multilibros 006065 2 658.04 ROB fun 1006065 30/07/2018 30/07/2018 23.86 01/11/2013 1- Monografias  
NULL NULL Dewey Decimal Classification NULL Prestable NULL NULL Biblioteca Miguel de Cervantes - UNICAES Biblioteca Miguel de Cervantes - UNICAES Sala Principal 02/03/2000 Donación - UNIR 006066 1 658.04 ROB fun 1006066 30/07/2018 25/07/2018 23.86 01/11/2013 1- Monografias 1
NULL NULL Dewey Decimal Classification NULL Prestable NULL NULL Biblioteca Miguel de Cervantes - UNICAES Biblioteca Miguel de Cervantes - UNICAES Sala Principal 01/07/2002 Donación - Multilibros 006067   658.04 ROB fun 1006067 01/11/2013   23.86 01/11/2013 1- Monografias